[Event "OP-2013-0-02639"]
[Site "LSS email"]
[Date "2013.02.11"]
[Round "?"]
[White "Milovanovic, Miroslav"]
[Black "Crapulli, Giuseppe"]
[Result "0-1"]
[WhiteElo "743"]
[BlackElo "1647"]
[PlyCount "34"]
[EventDate "2013.02.09"]
[EventType "tourn (corr)"]
[EventRounds "4"]
[EventCountry "GER"]
[SourceTitle "Corr 2015"]
[Source "ChessBase"]
[SourceDate "2015.07.17"]
[SourceVersion "1"]
[SourceVersionDate "2015.07.17"]
[SourceQuality "1"]

1. d4 Nf6 2. e3 d5 3. Nf3 g6 4. c4 Bg7 5. Nc3 0-0 6. Bd3 c6 7. 0-0 h6 8. b3 Be6 9. Qe2 Nbd7 10. Bb2 Re8 11. cxd5 cxd5 12. Rad1 Rc8 13. e4 dxe4 14. Nxe4 Bd5 15. Nxf6+ Nxf6 16. h3 Qa5 17. Ne5 Qxa2 0-1

[Event "OP-2013-0-02638"]
[Site "LSS email"]
[Date "2013.02.11"]
[Round "?"]
[White "Milovanovic, Miroslav"]
[Black "Guaimare Rodriguez, Carlos Luis"]
[Result "0-1"]
[WhiteElo "744"]
[BlackElo "976"]
[PlyCount "30"]
[EventDate "2013.02.09"]
[EventType "tourn (corr)"]
[EventRounds "4"]
[EventCountry "GER"]
[SourceTitle "Corr 2015"]
[Source "ChessBase"]
[SourceDate "2015.07.17"]
[SourceVersion "1"]
[SourceVersionDate "2015.07.17"]
[SourceQuality "1"]

1. c4 e5 2. e4 Nf6 3. Nc3 Bb4 4. d3 0-0 5. a3 Bxc3+ 6. bxc3 c6 7. g4 d5 8. cxd5 cxd5 9. g5 Ne8 10. h4 dxe4 11. dxe4 Qc7 12. Bb2 Nd6 13. Bd3 Nc4 14. Qc2 Bg4 15. Bxc4 Qxc4 0-1

[Event "OP-2013-0-02634"]
[Site "LSS email"]
[Date "2013.02.10"]
[Round "?"]
[White "Milovanovic, Miroslav"]
[Black "Boons, Lucien"]
[Result "0-1"]
[WhiteElo "743"]
[BlackElo "938"]
[PlyCount "40"]
[EventDate "2013.02.07"]
[EventType "tourn (corr)"]
[EventRounds "4"]
[EventCountry "GER"]
[SourceTitle "Telechess CBM 159"]
[Source "ChessBase"]
[SourceDate "2014.03.17"]
[SourceVersion "1"]
[SourceVersionDate "2014.03.17"]
[SourceQuality "1"]

1. d4 d5 2. e3 e6 3. Nf3 Nf6 4. c4 c6 5. Bd2 Be7 6. Bd3 h6 7. 0-0 0-0 8. cxd5 cxd5 9. Nc3 a6 10. Qe2 Bd7 11. Rac1 Bc6 12. e4 dxe4 13. Nxe4 Nbd7 14. Nxf6+ Nxf6 15. Rfe1 Qb8 16. Bc2 Bd5 17. b3 Ba3 18. Rcd1 Qd6 19. h3 Qc6 20. Bf4 Bd6 0-1

[Event "OP-2013-0-02634"]
[Site "LSS email"]
[Date "2013.02.10"]
[Round "?"]
[White "Milovanovic, Miroslav"]
[Black "Vontina, Maria"]
[Result "0-1"]
[WhiteElo "743"]
[BlackElo "772"]
[PlyCount "64"]
[EventDate "2013.02.07"]
[EventType "tourn (corr)"]
[EventRounds "4"]
[EventCountry "GER"]
[SourceTitle "Telechess CBM 159"]
[Source "ChessBase"]
[SourceDate "2014.03.17"]
[SourceVersion "1"]
[SourceVersionDate "2014.03.17"]
[SourceQuality "1"]

1. d4 Nf6 2. d5 d6 3. c4 e5 4. Nc3 Be7 5. Qc2 0-0 6. e4 Ne8 7. f4 exf4 8. Bxf4 Nf6 9. Nf3 Bg4 10. Rg1 a6 11. h3 Bh5 12. g4 Bg6 13. Bd3 Re8 14. g5 Nfd7 15. b4 Bh5 16. Nd4 g6 17. Be2 Bxe2 18. Qxe2 Bf8 19. h4 Ne5 20. Nf3 Nxf3+ 21. Qxf3 Bg7 22. Rc1 Rf8 23. Ne2 Qe7 24. Ng3 Nd7 25. Kf2 Ne5 26. Qe2 f6 27. Kg2 fxg5 28. Bxg5 Qe8 29. h5 gxh5 30. Nxh5 Ng6 31. Bh6 Bxh6 32. Nf6+ Rxf6 0-1

[Event "OP-2013-0-02629"]
[Site "LSS email"]
[Date "2013.02.08"]
[Round "?"]
[White "Milovanovic, Miroslav"]
[Black "Kepinski, Janusz"]
[Result "0-1"]
[WhiteElo "744"]
[BlackElo "1407"]
[PlyCount "64"]
[EventDate "2013.02.04"]
[EventType "tourn (corr)"]
[EventRounds "4"]
[EventCountry "GER"]
[SourceTitle "Telechess CBM 159"]
[Source "ChessBase"]
[SourceDate "2014.03.17"]
[SourceVersion "1"]
[SourceVersionDate "2014.03.17"]
[SourceQuality "1"]

1. d4 Nf6 2. e3 d5 3. Nf3 Bg4 4. h3 Bh5 5. g4 Bg6 6. Ne5 e6 7. Qf3 Bd6 8. Nxg6 hxg6 9. Bb5+ c6 10. Bd3 Qa5+ 11. c3 Qb6 12. h4 c5 13. Nd2 Nc6 14. h5 gxh5 15. g5 Nd7 16. Rxh5 Rxh5 17. Qxh5 g6 18. Qe2 cxd4 19. exd4 0-0-0 20. Nb3 a5 21. a4 Qxb3 22. Ra3 Qb6 23. Be3 Bxa3 24. bxa3 Rh8 25. Kd2 Qb2+ 26. Bc2 Qxa3 27. Bf4 Rh1 28. Qf3 Qc1+ 29. Kd3 Qf1+ 30. Kd2 Qe1+ 31. Kd3 e5 32. dxe5 Nc5# 0-1

[Event "OP-2013-0-02629"]
[Site "LSS email"]
[Date "2013.02.08"]
[Round "?"]
[White "Milovanovic, Miroslav"]
[Black "Lombardi, Donato"]
[Result "0-1"]
[WhiteElo "744"]
[BlackElo "739"]
[PlyCount "70"]
[EventDate "2013.02.04"]
[EventType "tourn (corr)"]
[EventRounds "4"]
[EventCountry "GER"]
[SourceTitle "Telechess CBM 159"]
[Source "ChessBase"]
[SourceDate "2014.03.17"]
[SourceVersion "1"]
[SourceVersionDate "2014.03.17"]
[SourceQuality "1"]

1. d4 d5 2. e3 Nf6 3. Nf3 e6 4. c4 Bb4+ 5. Nc3 0-0 6. a3 Bxc3+ 7. bxc3 dxc4 8. Bxc4 c5 9. 0-0 cxd4 10. cxd4 Nc6 11. Qe2 Nd5 12. Bb2 Nb6 13. Nd2 Nxc4 14. Nxc4 Re8 15. Rad1 Qc7 16. f4 Bd7 17. Rf3 Rac8 18. Rg3 Ne7 19. Ne5 Nf5 20. Rh3 Qc2 21. Rd2 Qc7 22. Qh5 Nh6 23. g4 f6 24. Nf3 Red8 25. g5 Be8 26. Qh4 fxg5 27. fxg5 Nf5 28. Qxh7+ Kf7 29. g6+ Kf8 30. e4 Nxd4 31. Nxd4 Qe5 32. Nf5 Qc5+ 33. Kg2 Rxd2+ 34. Kh1 Qc1+ 35. Bxc1 Rxc1# 0-1

[Event "OP-2013-0-02619"]
[Site "LSS email"]
[Date "2013.01.31"]
[Round "?"]
[White "Milovanovic, Miroslav"]
[Black "Brayman, Neal Zvi"]
[Result "0-1"]
[WhiteElo "744"]
[BlackElo "1691"]
[PlyCount "43"]
[EventDate "2013.01.28"]
[EventType "tourn (corr)"]
[EventRounds "4"]
[EventCountry "GER"]
[SourceTitle "Telechess CBM 159"]
[Source "ChessBase"]
[SourceDate "2014.03.17"]
[SourceVersion "1"]
[SourceVersionDate "2014.03.17"]
[SourceQuality "1"]

1. d4 e6 2. e3 f5 3. Nf3 Nf6 4. c4 d5 5. a3 Be7 6. cxd5 exd5 7. Nc3 0-0 8. Bd3 c6 9. 0-0 Ne4 10. Qe2 Nd7 11. Rd1 Bd6 12. g3 Qe7 13. b4 Nxc3 14. Qf1 Nxd1 15. Qxd1 Nf6 16. Bf1 Ne4 17. Bh3 f4 18. Bxc8 fxg3 19. fxg3 Raxc8 20. Ra2 Nc3 21. Qc2 Nxa2 22. Qxa2 0-1

[Event "OP-2013-0-02619"]
[Site "LSS email"]
[Date "2013.01.31"]
[Round "?"]
[White "Vontina, Maria"]
[Black "Milovanovic, Miroslav"]
[Result "1-0"]
[WhiteElo "684"]
[BlackElo "744"]
[PlyCount "61"]
[EventDate "2013.01.28"]
[EventType "tourn (corr)"]
[EventRounds "4"]
[EventCountry "GER"]
[SourceTitle "Telechess CBM 159"]
[Source "ChessBase"]
[SourceDate "2014.03.17"]
[SourceVersion "1"]
[SourceVersionDate "2014.03.17"]
[SourceQuality "1"]

1. e4 e6 2. d4 d6 3. c4 Nf6 4. Nc3 Be7 5. f3 0-0 6. Bd3 Nc6 7. Be3 Re8 8. Nge2 Nb4 9. Bb1 d5 10. cxd5 exd5 11. a3 Na6 12. e5 Nd7 13. 0-0 c6 14. Qe1 Bg5 15. Bxg5 Qxg5 16. Ng3 Nf6 17. Qd1 Nh5 18. Nxh5 Qxh5 19. Kh1 Re6 20. f4 Qh4 21. f5 Rh6 22. h3 Bd7 23. Qf3 Qxd4 24. e6 fxe6 25. fxe6 Bxe6 26. Ba2 Rf6 27. Qe2 Re8 28. Rxf6 Qxf6 29. Rf1 Qg6 30. Qf2 Nc5 31. Qxc5 1-0

[Event "OP-2013-0-02615"]
[Site "LSS email"]
[Date "2013.01.29"]
[Round "?"]
[White "Garcia, Javier N"]
[Black "Milovanovic, Miroslav"]
[Result "1-0"]
[WhiteElo "789"]
[BlackElo "762"]
[PlyCount "33"]
[EventDate "2013.01.26"]
[EventType "tourn (corr)"]
[EventRounds "4"]
[EventCountry "GER"]
[SourceTitle "Corr 2015"]
[Source "ChessBase"]
[SourceDate "2015.07.17"]
[SourceVersion "1"]
[SourceVersionDate "2015.07.17"]
[SourceQuality "1"]

1. e4 e6 2. d4 b6 3. Nc3 Bb7 4. Bd3 g6 5. Be3 Bg7 6. Nf3 d5 7. e5 a6 8. 0-0 f6 9. Bf4 fxe5 10. Bxe5 Bxe5 11. Nxe5 Qg5 12. Re1 c5 13. Qf3 cxd4 14. Qf7+ Kd8 15. Qxb7 dxc3 16. Nf7+ Ke8 17. Nd6+ 1-0

[Event "OP-2013-0-02612"]
[Site "LSS email"]
[Date "2013.01.28"]
[Round "?"]
[White "Milovanovic, Miroslav"]
[Black "Jovanovic, Bratislav"]
[Result "0-1"]
[WhiteElo "744"]
[BlackElo "2070"]
[PlyCount "46"]
[EventDate "2013.01.25"]
[EventType "tourn (corr)"]
[EventRounds "4"]
[EventCountry "GER"]
[SourceTitle "Telechess CBM 159"]
[Source "ChessBase"]
[SourceDate "2014.03.17"]
[SourceVersion "1"]
[SourceVersionDate "2014.03.17"]
[SourceQuality "1"]

1. d4 e6 2. e3 d5 3. Nf3 f5 4. c4 Nf6 5. Nc3 c6 6. b3 Bd6 7. Be2 0-0 8. 0-0 Nbd7 9. Bb2 Ne4 10. cxd5 exd5 11. Bd3 Qe7 12. Rc1 Rf6 13. g3 Rh6 14. Kg2 Ndf6 15. Ne2 f4 16. exf4 Bh3+ 17. Kg1 Bxf1 18. Qxf1 Ng4 19. h4 Nexf2 20. Bc2 g5 21. Nxg5 Re8 22. Nc3 Qe3 23. Qd3 Nxd3+ 0-1

[Event "OP-2013-0-02599"]
[Site "LSS email"]
[Date "2013.01.20"]
[Round "?"]
[White "Milovanovic, Miroslav"]
[Black "Vontina, Maria"]
[Result "0-1"]
[WhiteElo "762"]
[BlackElo "621"]
[PlyCount "76"]
[EventDate "2013.01.17"]
[EventType "tourn (corr)"]
[EventRounds "4"]
[EventCountry "GER"]
[SourceTitle "Telechess CBM 159"]
[Source "ChessBase"]
[SourceDate "2014.03.17"]
[SourceVersion "1"]
[SourceVersionDate "2014.03.17"]
[SourceQuality "1"]

1. d4 Nf6 2. e3 d5 3. Nf3 g6 4. c4 c6 5. Nc3 Bg7 6. Bd3 0-0 7. cxd5 Nxd5 8. 0-0 Bg4 9. Qe2 Nxc3 10. bxc3 Nd7 11. Rd1 Nb6 12. a4 Nd5 13. Bb2 a6 14. c4 Nc7 15. h3 Bc8 16. e4 Ne6 17. e5 Nf4 18. Qf1 Nxd3 19. Rxd3 Qc7 20. Rc1 Bf5 21. Re3 Rfd8 22. g4 Bc8 23. Nh2 Qb6 24. Rb1 Qa5 25. Ra3 Qc7 26. f4 e6 27. a5 c5 28. Nf3 cxd4 29. Bxd4 Bd7 30. Bb6 Qc6 31. Bxd8 Rxd8 32. Rb6 Qc5+ 33. Kh2 Qxa3 34. Rxb7 Bc6 35. Rc7 Bxf3 36. Qb1 Rd2+ 37. Kg1 Bb7 38. Qxb7 Qg3+ 0-1

[Event "LSS No Engine Cup 81 Preliminary 6"]
[Site "LSS email"]
[Date "2013.01.15"]
[Round "?"]
[White "Chamberlain, Edwin"]
[Black "Milovanovic, Miroslav"]
[Result "1-0"]
[WhiteElo "945"]
[BlackElo "743"]
[PlyCount "60"]
[EventDate "2013.01.16"]
[EventType "tourn (corr)"]
[EventRounds "6"]
[EventCountry "GER"]
[SourceTitle "Telechess CBM 161"]
[Source "ChessBase"]
[SourceDate "2014.07.16"]
[SourceVersion "1"]
[SourceVersionDate "2014.07.16"]
[SourceQuality "1"]

1. d4 d5 2. c4 Nf6 3. cxd5 Qxd5 4. Nc3 Qa5 5. Nf3 c6 6. Bd2 e6 7. e4 Qd8 8. Qc2 Be7 9. Bd3 0-0 10. 0-0 b6 11. e5 Nfd7 12. Bxh7+ Kh8 13. Bd3 Bb7 14. Rfe1 Rg8 15. Ne4 f5 16. Neg5 Nf8 17. Nf7+ Kh7 18. Nxd8 Bxd8 19. Bxf5+ exf5 20. Qxf5+ g6 21. Qf7+ Rg7 22. Qxf8 Nd7 23. Qf4 g5 24. Nxg5+ Bxg5 25. Qf5+ Kh8 26. Bxg5 Rf8 27. Bf6 Kg8 28. Qe6+ Rff7 29. Bxg7 Kxg7 30. Qg4+ Kf8 1-0

[Event "LSS No Engine Cup 81 Preliminary 6"]
[Site "LSS email"]
[Date "2013.01.15"]
[Round "?"]
[White "Milovanovic, Miroslav"]
[Black "Stadler, Pavel"]
[Result "0-1"]
[WhiteElo "743"]
[BlackElo "1421"]
[PlyCount "57"]
[EventDate "2013.01.16"]
[EventType "tourn (corr)"]
[EventRounds "6"]
[EventCountry "GER"]
[SourceTitle "Telechess CBM 161"]
[Source "ChessBase"]
[SourceDate "2014.07.16"]
[SourceVersion "1"]
[SourceVersionDate "2014.07.16"]
[SourceQuality "1"]

1. d4 c5 2. Nf3 e6 3. e3 Nf6 4. c4 Nc6 5. Nc3 cxd4 6. exd4 d5 7. Bd3 dxc4 8. Bxc4 Bb4 9. a3 Bxc3+ 10. bxc3 0-0 11. 0-0 b6 12. Qe2 Bb7 13. Bg5 h6 14. Bxf6 Qxf6 15. Rad1 Rac8 16. Ba2 Ne7 17. Ne5 Rfd8 18. Nxf7 Kxf7 19. Rd3 Nf5 20. Re1 Bd5 21. Bxd5 exd5 22. g4 Re8 23. Qd1 Qg5 24. Rxe8 Rxe8 25. Qf3 Re1+ 26. Kg2 g6 27. Qxd5+ Kg7 28. Qe5+ Rxe5 29. dxe5 0-1

[Event "RN-2012-0-00566"]
[Site "LSS email"]
[Date "2012.11.26"]
[Round "?"]
[White "Bester, Kazimierz"]
[Black "Milovanovic, Miroslav"]
[Result "0-1"]
[WhiteElo "729"]
[BlackElo "800"]
[PlyCount "94"]
[EventDate "2012.11.19"]
[EventType "tourn (corr)"]
[EventRounds "6"]
[EventCountry "GER"]
[SourceTitle "Corr 2022"]
[Source "ChessBase"]
[SourceDate "2021.10.24"]
[SourceVersion "1"]
[SourceVersionDate "2021.10.24"]
[SourceQuality "1"]

1. f4 Nf6 2. Nf3 g6 3. e3 Bg7 4. Be2 d6 5. 0-0 0-0 6. d4 c6 7. c3 b6 8. Nbd2 Bf5 9. Nh4 Be4 10. Nxe4 Nxe4 11. f5 g5 12. Nf3 g4 13. Nd2 d5 14. Rf4 g3 15. h3 Bh6 16. Rf3 Qd6 17. Nxe4 dxe4 18. Rf1 a6 19. Qc2 Nd7 20. Qxe4 e6 21. Qg4+ Kh8 22. f6 Rg8 23. Qh4 Bg5 24. Qh5 Nxf6 25. Qxf7 Rg7 26. Qxg7+ Kxg7 27. Bf3 Rf8 28. e4 Nxe4 29. Bxg5 Nxg5 30. Bg4 Ne4 31. Rfe1 Rf4 32. Re3 Rxg4 33. hxg4 Qf4 34. Rae1 Ng5 35. R3e2 Qxg4 36. Re3 Qh4 37. Re5 Qh2+ 38. Kf1 Qh1+ 39. Ke2 Qxg2+ 40. Kd1 h6 41. R1e2 Qh3 42. R5e3 Qg4 43. Kd2 g2 44. d5 cxd5 45. c4 g1Q 46. cxd5 Qd4+ 47. Kc2 Qgd1# 0-1

[Event "RN-2012-0-00566"]
[Site "LSS email"]
[Date "2012.11.26"]
[Round "?"]
[White "Mori, Roberto"]
[Black "Milovanovic, Miroslav"]
[Result "1-0"]
[WhiteElo "703"]
[BlackElo "800"]
[PlyCount "114"]
[EventDate "2012.11.19"]
[EventType "tourn (corr)"]
[EventRounds "6"]
[EventCountry "GER"]
[SourceTitle "Corr 2022"]
[Source "ChessBase"]
[SourceDate "2021.10.24"]
[SourceVersion "1"]
[SourceVersionDate "2021.10.24"]
[SourceQuality "1"]

1. e4 e5 2. Nf3 Nf6 3. Nc3 d6 4. h3 Nc6 5. Bb5 a6 6. Ba4 b5 7. Bb3 Rb8 8. 0-0 Bd7 9. Ng5 Qc8 10. Bxf7+ Kd8 11. Bb3 h6 12. Nf7+ Ke8 13. Nxh8 Bxh3 14. Qf3 Bg4 15. Bf7+ Kd8 16. Qg3 Nd4 17. Bb3 b4 18. Ng6 bxc3 19. Kh1 Nxe4 20. Qh4+ Ke8 21. Nh8 cxd2 22. Bf7+ Kd7 23. Qxg4+ Kd8 24. Qxe4 dxc1Q 25. Raxc1 Rxb2 26. Bb3 Be7 27. Ba4 c5 28. Nf7+ Kc7 29. c3 Nb5 30. Rb1 Rxb1 31. Rxb1 Qb7 32. Qxb7+ Kxb7 33. Bxb5 axb5 34. Rxb5+ Kc7 35. c4 Kd7 36. a4 Ke6 37. Nh8 Kf6 38. a5 g6 39. a6 Kg7 40. Nxg6 Kxg6 41. a7 Bf6 42. a8Q Kf5 43. Qf8 Kg6 44. Qxd6 Kf5 45. Rxc5 h5 46. Rc6 h4 47. Qxf6+ Ke4 48. Qf3+ Kd4 49. c5 e4 50. Qe3+ Ke5 51. Rh6 h3 52. g3 h2 53. Kxh2 Kd5 54. Rh5+ Kc4 55. Qxe4+ Kb5 56. Qd4 Kc6 57. Qb4 Kc7 1-0

[Event "OP-2012-0-02498"]
[Site "LSS email"]
[Date "2012.11.16"]
[Round "?"]
[White "Dlugolecki, Grzegorz"]
[Black "Milovanovic, Miroslav"]
[Result "1-0"]
[WhiteElo "1601"]
[BlackElo "743"]
[PlyCount "42"]
[EventDate "2012.11.12"]
[EventType "tourn (corr)"]
[EventRounds "4"]
[EventCountry "GER"]
[SourceTitle "Telechess CBM 161"]
[Source "ChessBase"]
[SourceDate "2014.07.16"]
[SourceVersion "1"]
[SourceVersionDate "2014.07.16"]
[SourceQuality "1"]

1. e4 e5 2. Nf3 d6 3. d4 Bg4 4. dxe5 Bxf3 5. Qxf3 Nd7 6. Qb3 Rb8 7. Be3 a6 8. Ba7 g6 9. Bxb8 Qxb8 10. Bc4 Nxe5 11. Bxa6 b6 12. Bb5+ c6 13. f4 cxb5 14. fxe5 dxe5 15. Qxb5+ Kd8 16. Rf1 f6 17. Nc3 Bh6 18. Rd1+ Ke7 19. Rd7+ Kf8 20. Rxf6+ Nxf6 21. Qb4+ Kg8 1-0

[Event "OP-2012-0-02475"]
[Site "LSS email"]
[Date "2012.10.31"]
[Round "?"]
[White "Pilgram, Kurt"]
[Black "Milovanovic, Miroslav"]
[Result "1-0"]
[WhiteElo "1731"]
[BlackElo "829"]
[PlyCount "32"]
[EventDate "2012.10.28"]
[EventType "tourn (corr)"]
[EventRounds "4"]
[EventCountry "GER"]
[SourceTitle "Corr 2015"]
[Source "ChessBase"]
[SourceDate "2015.07.17"]
[SourceVersion "1"]
[SourceVersionDate "2015.07.17"]
[SourceQuality "1"]

1. d4 d5 2. c4 Nf6 3. Nc3 c6 4. e3 e6 5. Nf3 Bb4 6. Bd3 Bxc3+ 7. bxc3 Nbd7 8. cxd5 cxd5 9. Ba3 b5 10. Bxb5 Qa5 11. Qa4 Qxc3+ 12. Ke2 Qc7 13. Rhc1 Qd8 14. Ne5 Ne4 15. Rxc8 Rxc8 16. Bxd7+ Qxd7 1-0